Interpretative reporting / (Record no. 430)

000 -LEADER
fixed length control field nam a22 a 4500
005 - DATE AND TIME OF LATEST TRANSACTION
control field 20170503161818.0
008 - FIXED-LENGTH DATA ELEMENTS--GENERAL INFORMATION
fixed length control field 170503b1982 ENK||||| |||| 00| 0 eng d
020 ## - INTERNATIONAL STANDARD BOOK NUMBER
International Standard Book Number 0023731206 (pbk)
Terms of availability £8.95
040 ## - CATALOGING SOURCE
Original cataloging agency AKMAL
082 ## - DEWEY DECIMAL CLASSIFICATION NUMBER
Edition number 18
Classification number 070.4/3 MAC
082 ## - DEWEY DECIMAL CLASSIFICATION NUMBER
Edition number 19
Classification number 070.4/3 MAC
090 ## - LOCALLY ASSIGNED LC-TYPE CALL NUMBER (OCLC); LOCAL CALL NUMBER (RLIN)
Classification number (OCLC) (R) ; Classification number, CALL (RLIN) (NR) 070.4/3
Local cutter number (OCLC) ; Book number/undivided call number, CALL (RLIN) MAC
100 ## - MAIN ENTRY--PERSONAL NAME
Personal name MacDougall, Curtis D
9 (RLIN) 999
245 ## - TITLE STATEMENT
Title Interpretative reporting /
Statement of responsibility, etc. Curtis D. MacDougall.
250 ## - EDITION STATEMENT
Edition statement 8th ed.
260 ## - PUBLICATION, DISTRIBUTION, ETC.
Place of publication, distribution, etc. London
Name of publisher, distributor, etc. Macmillan
Date of publication, distribution, etc. c1982.
300 ## - PHYSICAL DESCRIPTION
Extent xviii,588p
Dimensions 24cm
500 ## - GENERAL NOTE
General note Previous ed.: 1977.
500 ## - GENERAL NOTE
General note Includes index.
599 ## - LOCAL NOTE
Local Note DALAM PROSES
650 ## - SUBJECT ADDED ENTRY--TOPICAL TERM
Topical term or geographic name entry element Reporters and reporting.
9 (RLIN) 1000
852 ## - LOCATION
Location British Library
Sublocation or collection DSC
852 ## - LOCATION
Location British Library
Sublocation or collection HMNTS
942 ## - ADDED ENTRY ELEMENTS (KOHA)
Source of classification or shelving scheme
Koha item type Book
Holdings
Withdrawn status Lost status Source of classification or shelving scheme Damaged status Not for loan Collection code Home library Current library Shelving location Date acquired Inventory number Total Checkouts Full call number Barcode Date last seen Price effective from Koha item type
          NON-FICTION AKMAL Melaka AKMAL Melaka PINJAMAN 03.05.2017 000320   070.4/3 MAC 201701260 03.05.2017 03.05.2017 Book
Pusat Sumber Maklumat Dato' Haji Sarmin Md Hussin, Akademi Kastam Diraja Malaysia, Melaka
Tel: 06-2331106 | Faks: 06-2313787